Waco Texas - Ethel cain - Statistics

General Stats
  • This quiz has been taken 34 times
  • The average score is 393 of 484
Answer Stats
Answer % Correct
a
100%
be
100%
(be
100%
how
100%
i
100%
in
100%
it
100%
(it
100%
me
100%
me)
100%
me?
100%
the
100%
to
100%
you
100%
you)
100%
you?
100%
and
95%
but
95%
by
95%
changed
95%
did
95%
for
95%
hold
95%
is
95%
is)
95%
like
95%
like"
95%
my
95%
no
95%
so
95%
yeah
95%
your
95%
youve
95%
baby
89%
cool
89%
die
89%
"do
89%
do
89%
ever
89%
forever
89%
(forever)
89%
from
89%
(from
89%
hurt
89%
id
89%
know
89%
(know
89%
never
89%
of
89%
some
89%
them
89%
this
89%
we
89%
when
89%
youre
89%
all
84%
anything
84%
are
84%
at
84%
been
84%
can
84%
children
84%
could
84%
feed
84%
girl
84%
gonna
84%
heart
84%
if
84%
ive
84%
love
84%
names
84%
not
84%
on
84%
our
84%
picking
84%
right
84%
right)
84%
see
84%
then
84%
they
84%
would
84%
always
79%
away
79%
blue
79%
body
79%
cause
79%
day
79%
fix
79%
hate
79%
hes
79%
into
79%
knew
79%
meant
79%
nebraska
79%
or
79%
rather
79%
reach
79%
second
79%
somehow
79%
than
79%
wear
79%
wondering
79%
acts
74%
aint
74%
angry
74%
as
74%
believe
74%
daylight
74%
dreamin
74%
facing
74%
get
74%
honeys
74%
ill
74%
its
74%
off
74%
over
74%
said
74%
something
74%
still
74%
tugging
74%
were
74%
where
74%
will
74%
world
74%
back
68%
beat
68%
come
68%
enough
68%
feel
68%
good
68%
life
68%
light
68%
live
68%
loved
68%
much
68%
now
68%
out
68%
running
68%
sleep
68%
too
68%
true
68%
tv
68%
was
68%
with
68%
cant
63%
forgive
63%
inside
63%
liked
63%
myself
63%
ones
63%
save
63%
there
63%
time
63%
tried
63%
wait
63%
want
63%
watching
63%
way
63%
we'll
63%
wont
63%
1998
58%
apart
58%
call
58%
comes
58%
cried
58%
cruel
58%
darlin
58%
even
58%
fault?
58%
gone
58%
held
58%
hell
58%
him
58%
hindsight
58%
hope
58%
killed
58%
known
58%
may
58%
maybe
58%
morning
58%
only
58%
room
58%
should
58%
swore
58%
til
58%
walked
58%
walking
58%
year
58%
acting
53%
air
53%
anymore
53%
arms
53%
around
53%
down
53%
em
53%
fallen
53%
had
53%
his
53%
keep
53%
looking
53%
memories
53%
might
53%
moment
53%
night
53%
pictures
53%
put
53%
rule
53%
sat
53%
scars
53%
these
53%
through
53%
today
53%
wanna
53%
watched
53%
whatever
53%
alright
47%
another
47%
bled
47%
conversation
47%
eyes
47%
felt
47%
goddamnit
47%
hangin
47%
immortal
47%
lives
47%
low
47%
pages
47%
theyve
47%
turned
47%
we've
47%
yourself
47%
beg
42%
itll
42%
late
42%
moves
42%
red
42%
side
42%
times
42%
waited
42%
waiting
42%
lights
37%
promising
37%
selling
37%
terrified
37%
waits
11%
No matching quizzes found
Score Distribution
Percent of People with Each Score
Percentile by Number Answered
Your Score History
You have not taken this quiz